000 00273nam a22001097a 4500
008 160518b xxu||||| |||| 00| 0 eng d
020 _a0781701139
041 _aeng
080 _a612.39
245 _aTreatment of the postmenopausal woman:
_cRogerio A. Lobo;
942 _2udc
_cBK
999 _c2214
_d2214